| 000 | 01169nam a2200241Ia 4500 | ||
|---|---|---|---|
| 003 | Ost | ||
| 005 | 20260507075054.0 | ||
| 008 | 260507s9999||||xx |||||||||||||| ||und|| | ||
| 040 | _cfsecg | ||
| 041 | _aara | ||
| 082 | _a346.07 | ||
| 100 |
_aالبارودي، علي _eمؤلف |
||
| 245 | 0 |
_aالقانون التجاري : _bالعقود التجارية بعمليات البنوك وفقا لأحكام قانون التجارة رقم 17لسنة 1999 / _c علي البارودي |
|
| 260 |
_aالاسكندرية: _bدار المطبوعات الجامعية, _c2000 |
||
| 300 |
_a444 صفحة؛ _bإيضاحات ؛ _c24 سم |
||
| 490 | _aالمكتبة القانونية | ||
| 520 | _aعقد البيع التجاري، عقد الوكالة بالعمولة، عقد السمسرة، الرهن التجاري، عقد النقل، في عمليات البنوك التجارية، عمليات الايداع، عمليات الائتمان | ||
| 653 | _aالبنوك | ||
| 653 | _aالعقود التجارية | ||
| 653 | _aالقانون التجاري | ||
| 700 |
_aمحمد فريد العريني _eمؤلف ثانوي |
||
| 942 | _cكتاب | ||
| 999 |
_c42704 _d42704 |
||